[Event "Wch U20"]
[Site "Buenos Aires"]
[Date "1992.??.??"]
[Round "?"]
[White "Tratar, Marko"]
[Black "Reinderman, Dimitri"]
[Result "0-1"]
[WhiteElo "2290"]
[BlackElo "2435"]

1.d4 Nf6 2.c4 g6 3.Nc3 Bg7 4.e4 d6 5.Nf3 O-O 6.Be2 e5 7.O-O Nc6 8.d5 Ne7
9.Nd2 c5 10.Rb1 b6 11.b4 cxb4 12.Rxb4 Nd7 13.Rb1 f5 14.Nb3 Kh8 15.a4 a5 16.f3 Ng8
17.Nb5 Ndf6 18.Ba3 Ne8 19.exf5 Bxf5 20.Bd3 Ngf6 21.Bxf5 gxf5 22.f4 Ng4 23.Qe2 exf4
24.Rxf4 Be5 25.Bb2 Ng7 26.Bxe5 dxe5 27.Rff1 Qg5 28.c5 Ne3 29.c6 e4 30.d6 f4
31.d7 Nxf1 32.Qxf1 f3 33.c7 f2+ 34.Kh1 Nh5 35.g4 e3 36.Qc4 e2 37.Qd4+ Qf6
38.Qxf6+ Nxf6  0-1

[Event "Wch U20"]
[Site "Buenos Aires"]
[Date "1992.??.??"]
[Round "?"]
[White "Nielsen, Peter Heine"]
[Black "Egger, Jorge"]
[Result "1/2-1/2"]
[WhiteElo "2465"]
[BlackElo "2460"]

1.d4 Nf6 2.c4 g6 3.Nc3 Bg7 4.e4 d6 5.Nf3 O-O 6.Be2 e5 7.O-O Nc6 8.d5 Ne7
9.b4 Nh5 10.c5 Nf4 11.Bxf4 exf4 12.Rc1 Bg4 13.a4 a5 14.cxd6 cxd6 15.Qb3 Qb6
16.Nb5 Rfd8 17.Rc7 Rd7 18.Rfc1 Rxc7 19.Rxc7 Rc8 20.Rxc8+ Nxc8 21.h3 Bxf3
22.Bxf3 Be5 23.Qc2 Na7 24.bxa5  1/2-1/2

[Event "Wch U20"]
[Site "Buenos Aires"]
[Date "1992.??.??"]
[Round "?"]
[White "Allen, Andrew"]
[Black "Markovic, Miroljub"]
[Result "0-1"]
[WhiteElo "2170"]
[BlackElo "2270"]

1.d4 Nf6 2.c4 g6 3.Nc3 Bg7 4.e4 d6 5.Nf3 O-O 6.Be2 e5 7.O-O Nc6 8.d5 Ne7
9.Ne1 Nd7 10.Nd3 f5 11.Bd2 Nf6 12.f3 f4 13.c5 g5 14.a4 h5 15.h3 Ng6 16.cxd6 cxd6
17.Nf2 Rf7 18.Qc2 Bf8 19.Rfc1 a6 20.a5 g4 21.hxg4 hxg4 22.fxg4 b5 23.axb6 Qxb6
24.Na4 Qa7 25.Ba5 Rb8 26.Kf1 f3 27.Bxf3 Bxg4 28.Ra3 Nh4 29.Qd2 Bxf3 30.gxf3 Rg7
31.f4 Nxe4 32.Qc2 Nf3 33.Qd3 Nh2+  0-1

[Event "Wch U20"]
[Site "Buenos Aires"]
[Date "1992.??.??"]
[Round "?"]
[White "Danielian, Oganes"]
[Black "Egger, Jorge"]
[Result "1-0"]
[WhiteElo "2460"]
[BlackElo "2460"]

1.d4 Nf6 2.c4 g6 3.Nc3 Bg7 4.e4 d6 5.Be2 O-O 6.Nf3 e5 7.O-O Nc6 8.d5 Ne7
9.Nd2 a5 10.Rb1 Nd7 11.a3 f5 12.b4 Kh8 13.Qc2 Ng8 14.Bb2 Ngf6 15.Rbd1 b6
16.exf5 gxf5 17.Nb5 e4 18.f4 exf3 19.Nxf3 Ne4 20.Bxg7+ Kxg7 21.Bd3 Ndf6 22.Nfd4 Kg6
23.Nxf5 Bxf5 24.Rxf5 Kxf5 25.Nd4+ Kg6 26.Ne6 Qe7 27.Bxe4+ Kf7 28.Bxh7  1-0

[Event "Wch U20"]
[Site "Buenos Aires"]
[Date "1992.??.??"]
[Round "?"]
[White "Fish, Gannadij"]
[Black "Markovic, Miroljub"]
[Result "1-0"]
[WhiteElo "2440"]
[BlackElo "2270"]

1.d4 Nf6 2.c4 g6 3.Nc3 Bg7 4.e4 d6 5.Be2 O-O 6.Nf3 e5 7.O-O Nc6 8.Be3 Ng4
9.Bg5 f6 10.Bh4 h5 11.dxe5 dxe5 12.h3 Nh6 13.c5 Be6 14.Qa4 Rf7 15.Bc4 Qe8
16.Rfd1 Bf8 17.Nd5 g5 18.Bxg5 fxg5 19.Nxg5 Nd4 20.Qxe8 Rxe8 21.Nxf7 Kxf7
22.b4 c6 23.Ne3 Be7 24.Kh2 Bg5 25.Rd3 h4 26.Rf1 Ke7 27.Bxe6 Kxe6 28.g3 Rg8
29.Nc4 Nf7 30.Na5 Bh6 31.Nb3 Nc2 32.Rfd1 Rg6 33.Rc3 Nd4 34.Rcd3 Ng5 35.Kg2 Bg7
36.Re1 Kf7 37.Nxd4 exd4 38.f4 Ne6 39.Rf1 Rxg3+ 40.Rxg3 hxg3 41.Kxg3 Bh6 42.Rf3 a5
43.a3 axb4 44.axb4 Nc7 45.Kg4 Nb5 46.Kf5 Nc7 47.h4 Ne6 48.e5 Ke7 49.Ke4 d3
50.Rxd3 Bxf4 51.h5 Bh6 52.Kf5 Bg7 53.Rd6 Nf8 54.h6 Bh8 55.e6 Bc3 56.b5 Bb4
57.bxc6 Bxc5 58.c7  1-0

[Event "Wch U20"]
[Site "Buenos Aires"]
[Date "1992.??.??"]
[Round "?"]
[White "Fish, Gannadij"]
[Black "Tsemekhman, Vadim"]
[Result "0-1"]
[WhiteElo "2440"]
[BlackElo "2350"]

1.d4 Nf6 2.c4 g6 3.Nc3 Bg7 4.e4 d6 5.Be2 O-O 6.Nf3 e5 7.O-O Nc6 8.Be3 Ng4
9.Bg5 f6 10.Bh4 h5 11.dxe5 dxe5 12.h3 Nh6 13.c5 Be6 14.Qa4 Qe8 15.Bc4 g5
16.Bg3 g4 17.hxg4 hxg4 18.Nh4 Nd4 19.Qxe8 Raxe8 20.Bxe6+ Rxe6 21.Rad1 f5
22.exf5 Nhxf5 23.Rfe1 Rh6 24.Nxf5 Rxf5 25.Rd3 Rfh5 26.f3 gxf3 27.gxf3 Nf5
28.Rd8+ Kf7 29.Kf2 Bf6 30.Rd7+ Ke6 31.Red1 Nxg3 32.Kxg3 Rh3+ 33.Kg2 Rh2+
34.Kg3 Kf5  0-1

[Event "Wch U20"]
[Site "Buenos Aires"]
[Date "1992.??.??"]
[Round "?"]
[White "Sosa, Leonardo"]
[Black "Escobar Forero, Alder"]
[Result "1-0"]
[WhiteElo "2245"]
[BlackElo "2215"]

1.d4 Nf6 2.c4 g6 3.Nc3 Bg7 4.e4 d6 5.Nf3 O-O 6.Be2 e5 7.O-O Nc6 8.d5 Ne7
9.Nd2 Ne8 10.b4 f5 11.c5 a6 12.f3 f4 13.Nc4 Rf7 14.a4 g5 15.Ba3 Bf8 16.cxd6 cxd6
17.a5 Kh8 18.Nb6 Rb8 19.Rc1 Ng8 20.b5 Ngf6 21.Bb4 Rg7 22.Nxc8 Rxc8 23.bxa6 bxa6
24.Kh1 Rb8 25.Na2 g4 26.Rc6 gxf3 27.Bxf3 Nc7 28.Be1 Qd7 29.Nc3 Ne6 30.Rb6 Rc8
31.dxe6 Qxe6 32.Nd5 Nd7 33.Rxa6 Nc5 34.Rb6 Qg6 35.Qe2 Ne6 36.Bf2 h5 37.a6 h4
38.Rb7 h3 39.Rxg7 hxg2+ 40.Bxg2 Qxg7 41.Qh5+ Qh6 42.Qxh6+ Bxh6 43.Bh3 Re8
44.Bxe6 Rxe6 45.a7 Re8 46.Nc7  1-0

[Event "Wch U20"]
[Site "Buenos Aires"]
[Date "1992.??.??"]
[Round "?"]
[White "Silva, Sebastain"]
[Black "Markovic, Miroljub"]
[Result "0-1"]
[WhiteElo "2380"]
[BlackElo "2270"]

1.d4 Nf6 2.Nf3 g6 3.c4 Bg7 4.Nc3 O-O 5.e4 d6 6.Be2 e5 7.O-O Nc6 8.d5 Ne7
9.Ne1 Nd7 10.Nd3 f5 11.Bd2 Kh8 12.b4 Nf6 13.f3 f4 14.c5 h5 15.Rc1 g5 16.a4 Neg8
17.Nf2 Nh6 18.h3 Rg8 19.cxd6 cxd6 20.Nb5 Ne8 21.Rc3 Bf6 22.Qc2 Bd7 23.Rc1 g4
24.fxg4 Bh4 25.Be1 a6 26.Nc7 Nxc7 27.Rxc7 hxg4 28.Nxg4 Bxg4 29.Bxg4 Nxg4
30.hxg4 Bg3 31.Kf1 Qh4 32.Ke2 Qxg4+ 33.Kd3 Raf8 34.Bf2 Qh4 35.Rf1 f3 36.Be3 f2
37.Qd1 Rg7 38.Rxg7 Kxg7 39.Rh1 Qxh1  0-1

[Event "Wch U20"]
[Site "Buenos Aires"]
[Date "1992.??.??"]
[Round "?"]
[White "Silva, Sebastain"]
[Black "Favaro, Edmar F"]
[Result "0-1"]
[WhiteElo "2380"]
[BlackElo "2295"]

1.d4 Nf6 2.Nf3 g6 3.c4 Bg7 4.Nc3 O-O 5.e4 d6 6.Be2 e5 7.O-O Nc6 8.d5 Ne7
9.Ne1 Nd7 10.Nd3 f5 11.Bd2 Kh8 12.b4 Nf6 13.f3 f4 14.c5 h5 15.Rc1 Neg8 16.a4 g5
17.Nf2 Nh6 18.h3 Rg8 19.cxd6 cxd6 20.Nb5 Ne8 21.Rc3 Bf6 22.Qc2 Bd7 23.Rc1 g4
24.fxg4 hxg4 25.hxg4 Bh4 26.Be1 Bg3 27.Kf1 Qh4 28.Bf3 Nxg4 29.Nxg4 Bxg4 30.Ke2 Bxe1
31.Rxe1 Bxf3+ 32.gxf3 Rg2+ 33.Kd1 Rxc2 34.Rxc2 a6 35.Na3 Qh3 36.Rf2 Rc8 37.Nb1 Nf6
38.Nd2 Kg7 39.Rg1+ Kf7 40.Rfg2 Rg8  0-1

[Event "FMDA tt"]
[Site "Buenos Aires"]
[Date "1992.??.??"]
[Round "6"]
[White "Ricardi, Pablo"]
[Black "Valerga, Diego"]
[Result "1-0"]
[WhiteElo "2465"]
[BlackElo "2325"]

1.d4 Nf6 2.Nf3 g6 3.c4 Bg7 4.Nc3 O-O 5.e4 d6 6.Be2 e5 7.O-O Nc6 8.Be3 Re8
9.dxe5 dxe5 10.Qxd8 Nxd8 11.h3 Ne6 12.Rfd1 Nd7 13.Rab1 c6 14.b4 f5 15.c5 Bf6
16.Bc4 Kg7 17.Rd6 Ndf8 18.Rbd1 f4 19.Bc1 a5 20.b5 Be7 21.bxc6 Nxc5 22.c7 Be6
23.Nxe5 Bxd6 24.Rxd6 Rac8 25.Bb2 Kg8 26.Nd5 Nxe4 27.Ng4 h5 28.Ndf6+ Kf7 29.Nh6+ Kg7
30.Nxe8+  1-0

[Event "GEBA"]
[Site "Buenos Aires"]
[Date "1992.??.??"]
[Round "8"]
[White "Escobar, Telmo"]
[Black "Menendez, Daniel"]
[Result "1-0"]
[WhiteElo "2215"]
[BlackElo "2255"]

1.d4 Nf6 2.c4 g6 3.Nc3 Bg7 4.e4 d6 5.Be2 O-O 6.Nf3 e5 7.O-O Nc6 8.Be3 Re8
9.dxe5 dxe5 10.c5 Nd4 11.Nxd4 exd4 12.Bxd4 Nxe4 13.Bxg7 Qxd1 14.Bxd1 Kxg7
15.Nd5 Re5 16.Nxc7 Rb8 17.Re1 Rxc5 18.Ne8+ Kf8 19.Rxe4 Bf5 20.Nf6 Kg7 21.Re8 Rxe8
22.Nxe8+  1-0

[Event "BUL-ch"]
[Site "BUL"]
[Date "1992.??.??"]
[Round "1"]
[White "Genov, Petko"]
[Black "Kolev, Atanas"]
[Result "0-1"]
[WhiteElo "2300"]
[BlackElo "2445"]

1.d4 Nf6 2.c4 g6 3.Nc3 Bg7 4.e4 d6 5.Be2 O-O 6.Nf3 e5 7.O-O Nc6 8.d5 Ne7
9.Nd2 a5 10.Rb1 Nd7 11.a3 f5 12.b4 Kh8 13.Qc2 Ng8 14.exf5 gxf5 15.f4 Ne7
16.Nf3 e4 17.Ng5 Nf6 18.Be3 h6 19.Nh3 axb4 20.axb4 Ng4 21.Bc1 c6 22.Rd1 Qb6+
23.Kh1 Ne3 24.Na4 Rxa4 25.Qxa4 Nxd1 26.Qxd1 cxd5 27.cxd5 Bd7 28.Qb3 Bb5 29.Be3 Qa6
30.Bh5 Rc8 31.Qd1 Bd3 32.b5 Qa2 33.Rc1 Rxc1 34.Qxc1 Qa1 35.Qxa1 Bxa1 36.Bc5 dxc5  0-1

[Event "BUL-ch"]
[Site "BUL"]
[Date "1992.??.??"]
[Round "6"]
[White "Kolev, Atanas"]
[Black "Georgiev, Krum"]
[Result "1/2-1/2"]
[WhiteElo "2445"]
[BlackElo "2505"]

1.Nf3 g6 2.d4 Nf6 3.c4 Bg7 4.Nc3 O-O 5.e4 d6 6.Be2 e5 7.O-O Nc6 8.d5 Ne7
9.Nd2 a5 10.Rb1 Bd7 11.b3 Nc8 12.a3 Nb6 13.Re1 c6 14.dxc6 bxc6 15.c5 dxc5
16.Nc4 Nxc4 17.Bxc4 Qe7 18.Na4 Rfd8 19.Qc2 Be8 20.Be3 Bf8 21.Bxc5 Qb7 22.Qc3 Bxc5
23.Nxc5 Qc7 24.Rbd1 Nd7 25.Nxd7 Rxd7 26.Rxd7 Bxd7 27.Rd1 Be8 28.g3 Qe7 29.a4 h5  1/2-1/2

[Event "BUL-ch"]
[Site "BUL"]
[Date "1992.??.??"]
[Round "8"]
[White "Genov, Petko"]
[Black "Georgiev, Krum"]
[Result "0-1"]
[WhiteElo "2300"]
[BlackElo "2505"]

1.d4 Nf6 2.c4 g6 3.Nc3 Bg7 4.e4 d6 5.Be2 O-O 6.Nf3 e5 7.O-O Nc6 8.d5 Ne7
9.Nd2 a5 10.a3 Bd7 11.b3 Nc8 12.Bb2 Bh6 13.b4 axb4 14.axb4 Rxa1 15.Bxa1 Qe7
16.Nb3 Nb6 17.c5 Na4 18.Qd3 Ra8 19.Nb5 dxc5 20.bxc5 Nxc5 21.Nxc5 Qxc5 22.Bxe5 Qxb5
23.Qxb5 Bxb5 24.Bxb5 Nxe4 25.Bxc7 Nc3 26.Bc4 b5 27.Be5 bxc4 28.Bxc3 Ra3 29.Bf6 Rd3
30.g4 Bg7 31.Bxg7 Kxg7 32.Rc1 Rd4 33.g5 Kf8 34.Rc3 Ke7 35.Kf1 Kd6 36.Rf3 Rxd5
37.Rxf7 c3  0-1

[Event "Calcutta"]
[Site "Calcutta"]
[Date "1992.??.??"]
[Round "4"]
[White "Ravi, Lanka"]
[Black "Srinivasa, Raghavan K"]
[Result "1-0"]
[WhiteElo "2370"]
[BlackElo "2280"]

1.d4 Nf6 2.c4 g6 3.Nc3 Bg7 4.e4 d6 5.Be2 O-O 6.Nf3 e5 7.O-O Nc6 8.d5 Ne7
9.Ne1 Nd7 10.Nd3 f5 11.Bd2 Nf6 12.f3 h5 13.Rc1 f4 14.c5 g5 15.cxd6 cxd6 16.Nb5 Ne8
17.a4 Ng6 18.h3 Rf7 19.Qb3 Qb6+ 20.Nf2 Bf8 21.Rc2 Bd7 22.a5 Qd8 23.Rfc1 Bxb5
24.Qxb5 Re7 25.a6 b6 26.Be1 Nf6 27.Rc3 Nh4 28.Qa4 Kh8 29.Qc2 Ng6 30.Rc8 Qxc8
31.Qxc8 Rxc8 32.Rxc8 Ng8 33.Bb4 Kg7 34.Ra8  1-0

[Event "Calcutta"]
[Site "Calcutta"]
[Date "1992.??.??"]
[Round "9"]
[White "Vaidya, Arun B"]
[Black "Saravanan, V."]
[Result "0-1"]
[WhiteElo "2335"]
[BlackElo "2355"]

1.d4 Nf6 2.c4 g6 3.Nc3 Bg7 4.e4 d6 5.Nf3 O-O 6.Be2 e5 7.O-O Nc6 8.d5 Ne7
9.Ne1 Nd7 10.Be3 f5 11.f3 f4 12.Bf2 g5 13.b4 Nf6 14.c5 Ng6 15.a4 Rf7 16.cxd6 cxd6
17.a5 Bf8 18.Nb5 Bd7 19.Rc1 g4 20.Nc7 g3 21.hxg3 fxg3 22.Bxg3 Nh5 23.Bh2 Bh6
24.f4 Nhxf4 25.Rc3 Ba4 26.Nxa8 Bxd1 27.Bxd1 Qxa8 28.Bg4 Qf8 29.g3 Nxd5 30.Rxf7 Qxf7
31.Rf3 Nf6  0-1

[Event "Calcutta"]
[Site "Calcutta"]
[Date "1992.??.??"]
[Round "9"]
[White "Umanskaya, Irina"]
[Black "Acharya, Chandragupta K"]
[Result "1-0"]
[WhiteElo "2295"]
[BlackElo "2310"]

1.Nf3 Nf6 2.c4 d6 3.d4 g6 4.Nc3 Bg7 5.e4 O-O 6.Be2 e5 7.O-O Nc6 8.d5 Ne7
9.Nd2 a5 10.Rb1 Nd7 11.a3 f5 12.b4 Nf6 13.f3 axb4 14.axb4 Bh6 15.Nb3 Bxc1
16.Nxc1 f4 17.Nd3 g5 18.g4 h5 19.h3 Ng6 20.Ra1 Rb8 21.c5 Kg7 22.b5 hxg4 23.hxg4 Rh8
24.Kg2 Qg8 25.b6 cxb6 26.cxd6 Bd7 27.Rh1 Rxh1 28.Qxh1 Nh4+ 29.Kf2 Qc8 30.Rc1 Qc4
31.Kf1 Nxg4 32.Nd1 Qb5 33.Nxe5 Rc8 34.Rxc8 Bxc8 35.Bxb5  1-0

[Event "Calcutta"]
[Site "Calcutta"]
[Date "1992.??.??"]
[Round "11"]
[White "Parameswaran, Tiruchi N"]
[Black "Umanskaya, Irina"]
[Result "1/2-1/2"]
[WhiteElo "2365"]
[BlackElo "2295"]

1.d4 Nf6 2.c4 g6 3.Nc3 Bg7 4.e4 d6 5.Nf3 O-O 6.Be2 e5 7.O-O Nc6 8.d5 Ne7
9.Ne1 Nd7 10.Be3 f5 11.f3 f4 12.Bf2 h5 13.Nd3 g5 14.g4 Nf6  1/2-1/2

[Event "Caciulata"]
[Site "Calimanesti"]
[Date "1992.??.??"]
[Round "?"]
[White "Maksimenko, Andrei"]
[Black "Lanka, Zigurds"]
[Result "0-1"]
[WhiteElo "2455"]
[BlackElo "2490"]

1.d4 Nf6 2.c4 g6 3.Nc3 Bg7 4.e4 d6 5.Nf3 O-O 6.Be2 e5 7.O-O Nc6 8.d5 Ne7
9.Ne1 Nd7 10.Be3 f5 11.f3 a6 12.a4 Kh8 13.Nd3 f4 14.Bf2 g5 15.c5 Rg8 16.cxd6 cxd6
17.g4 fxg3 18.hxg3 Ng6 19.Kg2 Bf6 20.Rh1 Qf8 21.Qd2 Bd8 22.Rh2 Rg7 23.Kh1 Kg8
24.Be3 Rf7 25.Bxg5 Bxg5 26.Qxg5 Nf6 27.Rg1 Bd7 28.f4 Rg7 29.Qh6 Qe7 30.Bh5 Bg4
31.Rf1 Bxh5 32.Rxh5 exf4 33.gxf4 Nxh5 34.Qxh5 Rc8 35.f5 Rxc3 36.bxc3 Qxe4+
37.Rf3 Nh4 38.f6 Nxf3  0-1

[Event "Caciulata"]
[Site "Calimanesti"]
[Date "1992.??.??"]
[Round "?"]
[White "Maksimenko, Andrei"]
[Black "Bouaziz, Slim"]
[Result "1/2-1/2"]
[WhiteElo "2455"]
[BlackElo "2385"]

1.d4 Nf6 2.c4 g6 3.Nc3 Bg7 4.e4 O-O 5.Nf3 d6 6.Be2 e5 7.O-O Nc6 8.d5 Ne7
9.Ne1 Nd7 10.Be3 f5 11.f3 f4 12.Bf2 g5 13.a4 a6 14.Nd3 Rf6 15.c5 Rh6 16.Qb3 Kh8
17.Rfc1 Nf6 18.cxd6 cxd6 19.Bb6 Qe8 20.Nf2 Rg6 21.Ncd1 h5 22.h3 Neg8 23.Rc7 Nh6
24.Rac1 g4 25.hxg4 hxg4 26.fxg4 Nfxg4 27.Qc3 Bd7 28.Nxg4 Bxg4 29.Bxg4 Nxg4
30.Rc8 Rxc8 31.Qxc8 Qxc8 32.Rxc8+ Kh7 33.Kf1 Bf6 34.Bc7 Be7 35.Rb8 Rg7 36.b3  1/2-1/2

[Event "Caciulata"]
[Site "Calimanesti"]
[Date "1992.??.??"]
[Round "?"]
[White "Ghitescu, Theodor"]
[Black "Bouaziz, Slim"]
[Result "1/2-1/2"]
[WhiteElo "2435"]
[BlackElo "2385"]

1.d4 Nf6 2.c4 g6 3.Nc3 Bg7 4.e4 d6 5.Nf3 O-O 6.Be2 e5 7.O-O Nc6 8.d5 Ne7
9.b4 Nh5 10.g3 f5 11.Ng5 Nf6 12.f3 f4 13.Kg2 Kh8 14.b5 Neg8 15.Ne6 Bxe6 16.dxe6  1/2-1/2

[Event "Caciulata"]
[Site "Calimanesti"]
[Date "1992.??.??"]
[Round "?"]
[White "Bouaziz, Slim"]
[Black "Timoshenko, Georgy"]
[Result "1/2-1/2"]
[WhiteElo "2385"]
[BlackElo "2480"]

1.d4 Nf6 2.c4 g6 3.Nc3 Bg7 4.e4 d6 5.Nf3 O-O 6.Be2 e5 7.O-O Nc6 8.d5 Ne7
9.b4 Nh5 10.g3 f5 11.Ng5 Nf6 12.f3  1/2-1/2

[Event "Candas op"]
[Site "Candas"]
[Date "1992.??.??"]
[Round "5"]
[White "Levin, Felix"]
[Black "Fedorowicz, John P"]
[Result "1-0"]
[WhiteElo "2445"]
[BlackElo "2530"]

1.d4 Nf6 2.c4 g6 3.Nc3 Bg7 4.e4 d6 5.Be2 O-O 6.Nf3 e5 7.O-O Nc6 8.d5 Ne7
9.Ne1 Nd7 10.Nd3 f5 11.Bd2 Nf6 12.f3 f4 13.c5 g5 14.cxd6 cxd6 15.Nf2 Ng6
16.Qc2 Rf7 17.Rfc1 h5 18.h3 Nh4 19.Nb5 Ne8 20.a4 a6 21.Nc3 g4 22.fxg4 f3
23.gxf3 Nxf3+ 24.Bxf3 Rxf3 25.g5 Bxh3 26.Ncd1 Bg4 27.Ra3 Rf4 28.Nh3 Rc8 29.Qb1 Bxh3
30.Bxf4 exf4 31.Rxh3 Qxg5+ 32.Kh1 Bd4 33.Nc3 Ng7 34.Ne2 Rxc1+ 35.Qxc1 Qg4
36.Qf1 Be5 37.Rf3 Qg6 38.Nxf4 Qxe4 39.Qe2 Qb1+ 40.Rf1 Qf5 41.Qd3 h4 42.Rf3 Bxb2
43.Qxf5 Nxf5 44.Nd3 Nd4 45.Rf6 Ba3 46.Rf4 Ne2 47.Rc4 b5 48.Rc8+ Kf7 49.a5 Kf6
50.Rc6 Kf5 51.Rxa6 Ke4 52.Rc6  1-0

[Event "Candas op"]
[Site "Candas"]
[Date "1992.??.??"]
[Round "6"]
[White "Levin, Felix"]
[Black "Gallagher, Joseph G"]
[Result "1/2-1/2"]
[WhiteElo "2445"]
[BlackElo "2510"]

1.d4 Nf6 2.c4 g6 3.Nc3 Bg7 4.e4 d6 5.Nf3 O-O 6.Be2 e5 7.O-O Nc6 8.d5 Ne7
9.Ne1 Nd7 10.Nd3 f5 11.Bd2 Nf6 12.f3 Kh8 13.Rc1 Neg8 14.c5 f4 15.cxd6 cxd6
16.Nf2 Ne8 17.a4 h5 18.Nb5 g5 19.Rc3 Nh6 20.h3 Rf7 21.a5 Bd7 22.b4  1/2-1/2

[Event "Candas op"]
[Site "Candas"]
[Date "1992.??.??"]
[Round "7"]
[White "Matamoros Franco, Carlos S"]
[Black "Hebden, Mark"]
[Result "0-1"]
[WhiteElo "2420"]
[BlackElo "2500"]

1.Nf3 Nf6 2.c4 g6 3.Nc3 Bg7 4.e4 O-O 5.d4 d6 6.Be2 e5 7.O-O Nc6 8.d5 Ne7
9.Nd2 Ne8 10.b4 f5 11.c5 Kh8 12.f3 Ng8 13.Nc4 f4 14.a4 Rf6 15.Bb2 g5 16.b5 Rg6
17.a5 Nh6 18.h3 Nf7 19.b6 dxc5 20.bxc7 Nxc7 21.Ra3 h5 22.Na4 Nb5 23.Nxe5 Nxe5
24.Bxb5 Qxa5 25.Qa1 Qc7 26.Be8 Rh6 27.Rc1 c4 28.Bd4 Bxh3 29.Bb5 Kh7 30.gxh3 Rg8
31.Nc5 g4 32.Ne6 Rxe6 33.dxe6 Nxf3+ 34.Rxf3  0-1

[Event "Candas op"]
[Site "Candas"]
[Date "1992.??.??"]
[Round "9"]
[White "Matamoros Franco, Carlos S"]
[Black "Fedorowicz, John P"]
[Result "1/2-1/2"]
[WhiteElo "2420"]
[BlackElo "2530"]

1.Nf3 Nf6 2.c4 g6 3.Nc3 Bg7 4.d4 O-O 5.e4 d6 6.Be2 e5 7.O-O Nc6 8.d5 Ne7
9.Nd2 a5 10.Rb1 Bd7 11.b3 Nc8 12.Bb2 Ne8 13.Qc2 Bh6 14.Rbe1 f5 15.exf5 gxf5
16.f4 Bxf4 17.Rxf4 exf4 18.Bd3 Ne7 19.Ne2 Ng6 20.Rf1 Qe7 21.Kh1 Ng7 22.Nxf4 Rae8
23.g3 Ne5 24.Nf3 Qf7 25.Qc3 b6 26.Nd4 Qf6 27.Qc2 Qh6 28.Bc1 Qf6 29.Bb2 Rf7
30.Be2 Rfe7 31.Bh5 Rf8 32.Be2 Qf7 33.Qc3 h6 34.Kg1 Kh7 35.Qc2 Kg8 36.Qc3 Rfe8
37.Bd1 Rf8 38.Be2  1/2-1/2

[Event "Candas op"]
[Site "Candas"]
[Date "1992.??.??"]
[Round "9"]
[White "Garcia Ilundain, David"]
[Black "Hebden, Mark"]
[Result "1-0"]
[WhiteElo "2435"]
[BlackElo "2500"]

1.d4 Nf6 2.Nf3 g6 3.c4 Bg7 4.Nc3 O-O 5.e4 d6 6.Be2 e5 7.O-O Nc6 8.d5 Ne7
9.b4 Ne8 10.c5 Kh8 11.a4 Ng8 12.a5 Qe7 13.c6 f5 14.cxb7 Bxb7 15.Nd2 a6 16.b5 Nef6
17.f3 Nh5 18.bxa6 Bxa6 19.Bxa6 Rxa6 20.Nc4 Bh6 21.Bxh6 Nxh6 22.Qd2 Nf7 23.Rab1 Rfa8
24.Rb7 Nd8 25.Rb2 Nf6 26.Rfb1 fxe4 27.fxe4 c6 28.Kh1 cxd5 29.Nxd5 Nxd5 30.Qxd5 Rc8
31.Rb8 Rc5 32.Qb7 Ra7 33.Qxe7 Rxe7 34.Rxd8+ Kg7 35.Nxd6 Rxa5 36.h3 Ra4 37.Rb5 Rd4
38.Rd5 Rb4 39.Rc8 Rb2 40.Re8 Ra7 41.Rdxe5 Ra1+ 42.Kh2 Raa2 43.R8e7+ Kh6 44.Nf7+ Kg7
45.Ng5+ Kg8 46.Rd7 Rxg2+ 47.Kh1 Rh2+ 48.Kg1 Rag2+ 49.Kf1 Rf2+ 50.Ke1 h6 51.Nh7 Rf7
52.Ree7 Rxe7 53.Rxe7 Rxh3 54.Kf2 g5 55.Rc7 Ra3 56.e5 Ra5 57.Kf3 h5 58.Ke4  1-0

[Event "Cannes Martinez op"]
[Site "Cannes"]
[Date "1992.??.??"]
[Round "?"]
[White "Cebalo, Miso"]
[Black "Levacic, Patrick"]
[Result "1/2-1/2"]
[WhiteElo "2500"]
[BlackElo "2270"]

1.d4 Nf6 2.Nf3 g6 3.c4 Bg7 4.Nc3 O-O 5.e4 d6 6.Be2 e5 7.O-O Nc6 8.Be3 Ng4
9.Bg5 f6 10.Bc1 exd4 11.Nxd4 Nxd4 12.Qxd4 f5 13.Qd5+ Kh8 14.Bxg4 fxg4 15.Be3 Qe7
16.Bd4 Be6 17.Bxg7+ Kxg7 18.Qd3 Qg5 19.Rac1 Qe5 20.Rc2 Rf7 21.Rd1 Re8 22.b3 h5
23.Qe3 h4 24.Qd4 Qxd4 25.Rxd4 h3 26.gxh3 gxh3 27.Rd3 Bg4 28.Rg3 Bf3 29.Rxh3 Bxe4
30.Re2 Bc6 31.Rxe8 Bxe8 32.f3 Bc6 33.Kf2 Rf5 34.Ke3 Re5+ 35.Ne4 Bxe4 36.fxe4 Rg5  1/2-1/2

[Event "Cannes op"]
[Site "Cannes"]
[Date "1992.??.??"]
[Round "?"]
[White "Alvarez Ibarra, D Rafael"]
[Black "Relange, Eloi"]
[Result "0-1"]
[WhiteElo "2360"]
[BlackElo "2275"]

1.Nf3 Nf6 2.c4 g6 3.Nc3 Bg7 4.e4 d6 5.d4 O-O 6.Be2 e5 7.O-O Nc6 8.d5 Ne7
9.Ne1 Nd7 10.Be3 f5 11.f3 f4 12.Bf2 g5 13.a4 Nf6 14.c5 Ng6 15.cxd6 cxd6 16.a5 h5
17.Nb5 g4 18.Bxa7 gxf3 19.gxf3 Bh3 20.Bb6 Qe7 21.Rf2 Nh4 22.Bf1 Bd7 23.Rc1 Kh8
24.Kh1 Bh6 25.Nc7 Rac8 26.Rfc2 Ba4 27.Ne6 Bxc2 28.Rxc2 Rxc2 29.Qxc2 Rg8 30.Qc7 Qxc7
31.Bxc7 Nxf3 32.Nxf3 Nxe4 33.h4 Rg3 34.Bg2 Nf2+ 35.Kg1 Ng4 36.Bxd6 e4 37.Nfg5 Ne3
38.Nf7+ Kh7 39.Nfg5+ Bxg5 40.Nxg5+ Kg6 41.Bxf4 Rxg2+ 42.Kh1 Re2 43.d6 Re1+
44.Kh2 Ng4+ 45.Kg2 Kf5 46.Bg3 Re2+ 47.Kf1 Rxb2 48.d7 Rd2 49.Nf7 Rxd7 50.Nd6+ Kg6
51.Nxe4 Rd5 52.Nd6 Ne3+ 53.Kg1 Nf5 54.Nxf5 Kxf5 55.Be1 Kg4 56.Kg2 Rd1 57.Kf2 Kxh4
58.Ke2+ Rxe1+ 59.Kxe1 Kg3  0-1

[Event "Cannes team g/60"]
[Site "Cannes"]
[Date "1992.??.??"]
[Round "1"]
[White "Sosonko, Gennadi"]
[Black "Fedorowicz, John P"]
[Result "1-0"]
[WhiteElo "2530"]
[BlackElo "2530"]

1.d4 Nf6 2.c4 g6 3.Nc3 Bg7 4.e4 d6 5.Nf3 O-O 6.Be2 e5 7.O-O Nc6 8.d5 Ne7
9.Ne1 Nd7 10.Nd3 f5 11.Bd2 Nf6 12.f3 f4 13.c5 g5 14.cxd6 cxd6 15.Nf2 Rf7
16.Qc2 Ng6 17.Rfc1 a6 18.a4 h5 19.h3 Bf8 20.a5 b5 21.axb6 Qxb6 22.Na4 Qa7
23.Ba5 Rb7 24.Kf1 Bd7 25.Ra3 Be7 26.Rc3 Bd8 27.b4 Qb8 28.Rc6 Bxa5 29.bxa5 Bxc6
30.dxc6 Rc7 31.Nb6 Raa7 32.Nd5 Kg7 33.Nxc7 Qxc7 34.Nd3 g4 35.hxg4 hxg4 36.Nb4 Qc8
37.fxg4 Nf8 38.g5 Ne8 39.Nd5 Kg6 40.c7 Kxg5 41.Qc6 f3 42.Bxf3  1-0

[Event "Cappelle op"]
[Site "Cappelle la Grande"]
[Date "1992.??.??"]
[Round "1"]
[White "Koskinen, Henri"]
[Black "Lanka, Zigurds"]
[Result "0-1"]
[WhiteElo "2245"]
[BlackElo "2490"]

1.d4 Nf6 2.c4 g6 3.Nc3 Bg7 4.e4 d6 5.Be2 O-O 6.Nf3 e5 7.O-O Nc6 8.d5 Ne7
9.Nd2 c6 10.Rb1 b5 11.b4 bxc4 12.dxc6 Nxc6 13.Bxc4 Be6 14.Bd5 Rc8 15.Bxc6 Rxc6
16.Bb2 d5 17.exd5 Nxd5 18.Nxd5 Bxd5 19.Re1 Re6 20.Bc3 Rfe8 21.Qe2 Rc6 22.Qe3 f5
23.Rbc1 Qa8 24.f3 Ra6 25.Ra1 Rae6 26.Nb3 g5 27.Nc5 Rg6 28.Re2 f4 29.Qd3 g4
30.Ne4 gxf3 31.Qxf3 Rc8 32.Rd1 Kh8 33.Qh3 Be6 34.Qh4 f3 35.Rf2 Rg4 36.Qe7 Re8  0-1

[Event "Cappelle op"]
[Site "Cappelle la Grande"]
[Date "1992.??.??"]
[Round "8"]
[White "Shneider, Aleksandr"]
[Black "Webster, Andrew"]
[Result "1-0"]
[WhiteElo "2515"]
[BlackElo "2350"]

1.d4 g6 2.c4 Bg7 3.Nc3 d6 4.e4 Nf6 5.Be2 O-O 6.Nf3 e5 7.O-O Nc6 8.d5 Ne7
9.Nd2 c5 10.Rb1 Ne8 11.b4 b6 12.bxc5 bxc5 13.Nb3 Kh8 14.Bd2 f5 15.f3 Nf6
16.Qc2 Neg8 17.exf5 gxf5 18.f4 exf4 19.Bxf4 Ng4 20.Bxg4 fxg4 21.Bg3 Nh6 22.Rxf8+ Qxf8
23.Rf1 Bf5 24.Qd2 Re8 25.Nb5 Be5 26.Nc7 Bxg3 27.Nxe8 Be5 28.Nc7 Qf6 29.Ne6 Qg6
30.Nf4 Qg5 31.g3 Be4 32.Qe3 Bf3 33.Ne2 Qh5 34.Nf4 Qg5 35.Qd2 Nf5 36.Ne6 Qg8
37.Qg5 Ng7 38.Re1 Nxe6 39.Qxg8+ Kxg8 40.dxe6 Kf8 41.Kf2 Ke7 42.Ke3 Kxe6 43.Nd2 Bc6
44.Ne4 h6 45.Kd3 Be8 46.Kd2 Bc6 47.Kd3 Be8 48.Nc3 Bc6 49.Nb5 a5 50.Nc7+ Kf5
51.Nd5 Kg5 52.Rf1 h5 53.Ke4 Bd4 54.Rf5+ Kg6 55.Kf4 Ba4 56.Rg5+ Kh6 57.Rg8 Bc2
58.Rd8 Be5+ 59.Ke3 a4 60.Nf4 Bb1 61.a3 Ba2 62.Nd3 Bd4+ 63.Kf4 Bxc4 64.Rxd6+ Kg7
65.Nxc5 Bxc5 66.Rc6 Bg1 67.Rxc4 Bxh2 68.Rc2  1-0

[Event "Cappelle op"]
[Site "Cappelle la Grande"]
[Date "1992.??.??"]
[Round "9"]
[White "Todorov, Ognjan"]
[Black "Brustman, Agnieszka"]
[Result "1/2-1/2"]
[WhiteElo "2365"]
[BlackElo "2325"]

1.d4 Nf6 2.c4 g6 3.Nc3 Bg7 4.e4 O-O 5.Nf3 d6 6.Be2 e5 7.O-O Nc6 8.d5 Ne7
9.Ne1 Nd7 10.Be3 f5 11.f3 f4 12.Bf2 g5 13.a4 Nf6 14.c5 Ng6 15.a5 h5 16.cxd6 cxd6
17.Nb5 g4 18.Nxa7 g3 19.Bb6 gxh2+ 20.Kh1 Qe7 21.Nxc8 Raxc8 22.Nd3 h4 23.Kxh2 Nh5
24.Nf2 h3 25.Nxh3 Ng3 26.Re1 Bf6 27.Rc1 Nh4 28.Bd3 Qg7 29.Qd2 Kf7 30.Qf2 Rg8
31.Rxc8 Rxc8 32.Bb5 Kg6 33.Qd2 Kh5 34.Rg1 Rg8 35.Qf2 Kh6 36.Bd3 Nh5 37.Bb5 Ng6
38.Qd2 Nh4 39.Qf2 Qh7 40.Qe2 Qg7 41.Qf2  1/2-1/2